000 00377 a2200133 4500
001 ART_6736
005 20260410161621.0
008 260409a
245 1 0 _aEstados contables en moneda homógenea
100 1 _aSlosse, Carlos Alberto
700 1 _aGamondés, Santiago F.
700 1 _aNigro, Jorge O.
773 0 _tEnfoques
_g- Nº 3 (mar. 2010)
_wREV416
999 _c11516
_d11516